000 00333nam a2200145Ia 4500
008 230718s9999 xx 000 0 und d
041 _aEng.
082 _a1.42
_bBES-R
100 _aBest, Then W.
245 0 _aResearch in Education
260 _aPakistan
_bLove Mall Labove
_c2006
300 _a438
650 _aLaw
999 _c28701
_d28701